[Event "C.to Mondiale U20 femminile"]
[Site "Istanbul TUR"]
[Date "2005.11.11"]
[Round "3"]
[White "Chierici, Marianna"]
[Black "Corke, Anya S."]
[Result "1/2-1/2"]
[WhiteElo "1960"]
[BlackElo "2222"]
[PlyCount "64"]
[EventDate "2005.11.09"]

1. e4 d5 2. exd5 Nf6 3. Nf3 Bg4 4. d4 Qxd5 5. Nc3 Qd8 6. Be3 e6 7. a3 c6 8. Be2
Nbd7 9. Qd2 Bd6 10. Rd1 Qc7 11. h3 Bh5 12. O-O O-O 13. Rfe1 Rad8 14. Qc1 Rfe8
15. Nd2 Bg6 16. Bf3 h6 17. Nc4 Bh2+ 18. Kh1 b5 19. Na5 Nd5 20. Nxc6 Qxc6 21.
Bxd5 exd5 22. Kxh2 Bxc2 23. Nxd5 Qg6 24. Rd2 Rc8 25. Bf4 Rxe1 26. Qxe1 Qf5 27.
Be5 Nb6 28. Ne3 Re8 29. Ng4 Qg6 30. Qc1 Be4 31. f3 Bd5 32. h4 h5 1/2-1/2

[Event "C.to Mondiale U20 femminile"]
[Site "Istanbul TUR"]
[Date "2005.11.12"]
[Round "4"]
[White "Szczepkowska, Karina"]
[Black "Chierici, Marianna"]
[Result "1-0"]
[WhiteElo "2278"]
[BlackElo "1960"]
[PlyCount "67"]
[EventDate "2005.11.09"]

1. e4 d6 2. d4 Nf6 3. Bd3 Nbd7 4. c3 e5 5. Nf3 c6 6. O-O Be7 7. Re1 O-O 8. Nbd2
Qc7 9. Nf1 Re8 10. Ng3 Bf8 11. h3 Rb8 12. a4 c5 13. dxe5 Nxe5 14. Nxe5 dxe5 15.
Bc4 b6 16. Bg5 Be7 17. Qf3 a6 18. Nh5 Qc6 19. Bxf6 Bxf6 20. Red1 b5 21. Bd5 Qb6
22. a5 Qc7 23. Nxf6+ gxf6 24. Qxf6 Be6 25. Rd3 c4 26. Rg3+ Kf8 27. Qh6+ Ke7 28.
Bxe6 Qd6 29. Qg5+ Kxe6 30. Rf3 Kd7 31. Rxf7+ Re7 32. Rxe7+ Qxe7 33. Rd1+ Ke8
34. Qg8+ 1-0

[Event "C.to Mondiale U20 femminile"]
[Site "Istanbul TUR"]
[Date "2005.11.13"]
[Round "5"]
[White "Chierici, Marianna"]
[Black "Hoolt, Sarah"]
[Result "1-0"]
[WhiteElo "1960"]
[BlackElo "2144"]
[PlyCount "75"]
[EventDate "2005.11.09"]

1. e4 e6 2. d3 d5 3. Nd2 c5 4. g3 Nc6 5. Bg2 Nf6 6. Ne2 Be7 7. O-O O-O 8. c3 b6
9. Qc2 Ba6 10. Nf4 g5 11. Qa4 Nb8 12. exd5 exd5 13. Nxd5 Nxd5 14. Qe4 Nc7 15.
Re1 Bf6 16. Qg4 Nd7 17. Bxa8 Nxa8 18. Ne4 Kh8 19. Re3 Nc7 20. Qf5 Ne6 21. Nd6
Nc7 22. g4 Ne5 23. Rh3 Ng6 24. Ne4 Kg7 25. Nxf6 Qxf6 26. Rxh7+ Kxh7 27. Qxf6
Bxd3 28. Bxg5 Nd5 29. Qd6 Be4 30. h4 f6 31. h5 fxg5 32. hxg6+ Kg7 33. Qe5+ Nf6
34. Qxg5 Rh8 35. f3 Bxf3 36. Qe5 Rh1+ 37. Kf2 Rxa1 38. g5 1-0

[Event "C.to Mondiale U20 femminile"]
[Site "Istanbul TUR"]
[Date "2005.11.16"]
[Round "7"]
[White "Chierici, Marianna"]
[Black "Zhang, Xiaowen"]
[Result "0-1"]
[WhiteElo "1960"]
[BlackElo "2153"]
[PlyCount "56"]
[EventDate "2005.11.09"]

1. e4 e6 2. Nf3 d5 3. Nc3 Nf6 4. e5 Nfd7 5. d4 c5 6. dxc5 Nc6 7. Bf4 Bxc5 8.
Bd3 h6 9. O-O g5 10. Bg3 g4 11. Bh4 Be7 12. Bxe7 Qxe7 13. Ne1 Ndxe5 14. f4 gxf3
15. Nxf3 Bd7 16. Nb5 Nxd3 17. Qxd3 Qc5+ 18. Kh1 O-O-O 19. c4 Nb4 20. Qa3 dxc4
21. Nxa7+ Kb8 22. Nd2 Rhg8 23. Rxf7 Qd5 24. Nf3 Nc2 25. Rxd7 Rxd7 26. Qa4 Nxa1
27. Ne1 Qe4 28. Nf3 Qd3 0-1

[Event "C.to Mondiale U20 femminile"]
[Site "Istanbul TUR"]
[Date "2005.11.17"]
[Round "8"]
[White "Gilbert, Jessie"]
[Black "Chierici, Marianna"]
[Result "1/2-1/2"]
[WhiteElo "2148"]
[BlackElo "1960"]
[PlyCount "52"]
[EventDate "2005.11.09"]

1. d4 d6 2. Nf3 Nf6 3. g3 Nc6 4. Bg2 e5 5. O-O Bd7 6. b3 Be7 7. Bb2 e4 8. Nfd2
d5 9. c4 Bf5 10. cxd5 Qxd5 11. e3 Bb4 12. Qc2 h5 13. Qc4 O-O-O 14. Qxd5 Rxd5
15. f3 exf3 16. Bxf3 Bxb1 17. Bxd5 Bxd2 18. Bxc6 Bxe3+ 19. Kg2 Bc2 20. Bf3 h4
21. Rae1 h3+ 22. Kh1 Bd3 23. Be2 Be4+ 24. Bf3 Bd3 25. Be2 Be4+ 26. Bf3 Bd3
1/2-1/2

[Event "C.to Mondiale U20 femminile"]
[Site "Istanbul TUR"]
[Date "2005.11.18"]
[Round "9"]
[White "Chierici, Marianna"]
[Black "Pavlogianni, Despina"]
[Result "1-0"]
[WhiteElo "1960"]
[BlackElo "1989"]
[PlyCount "81"]
[EventDate "2005.11.09"]

1. e4 c5 2. c3 b6 3. d4 Bb7 4. d5 Nf6 5. Bd3 e6 6. c4 d6 7. Nc3 Be7 8. Bc2 e5
9. f4 Nbd7 10. Ba4 O-O 11. Bxd7 Nxd7 12. f5 Bg5 13. Nh3 Bxc1 14. Rxc1 Qh4+ 15.
Nf2 Ba6 16. b3 g6 17. Qg4 Qxg4 18. Nxg4 h5 19. Ne3 g5 20. Ke2 Nf6 21. a4 Rab8
22. Rcf1 Kh7 23. Kd3 Rfd8 24. g3 Kg7 25. h3 Ne8 26. h4 g4 27. f6+ Kg6 28. Rf5
Bc8 29. Rg5+ Kxf6 30. Rf1+ Ke7 31. Rxh5 Rb7 32. Rh8 Ng7 33. Rxf7+ Kxf7 34. Rxd8
Bd7 35. Nb5 Ne8 36. Rxe8 Bxb5 37. Re6 Bd7 38. Rxd6 Kg7 39. Nf5+ Bxf5 40. exf5
Rf7 41. Ke4 1-0

[Event "C.to Mondiale U20 femminile"]
[Site "Istanbul TUR"]
[Date "2005.11.19"]
[Round "10"]
[White "Topel, Zehra"]
[Black "Chierici, Marianna"]
[Result "1-0"]
[WhiteElo "2105"]
[BlackElo "1960"]
[PlyCount "111"]
[EventDate "2005.11.09"]

1. c4 d6 2. Nc3 e5 3. Nf3 Nf6 4. d3 Be7 5. g3 c6 6. Bg2 O-O 7. O-O h6 8. b3 Be6
9. Bb2 Qc7 10. Rc1 Nbd7 11. Qd2 Rac8 12. d4 Qb8 13. Ne1 exd4 14. Qxd4 Rfd8 15.
Nc2 a6 16. Qd2 Qa7 17. Nd4 Nb6 18. Nxe6 fxe6 19. Bh3 Rc7 20. Bxe6+ Kh8 21. Qf4
Rf8 22. Qe3 Nc8 23. Qd3 b5 24. e3 Nd7 25. Ne2 Bf6 26. Nf4 Ne7 27. Bxf6 Rxf6 28.
Bh3 Ne5 29. Qe2 Qb7 30. Bg2 Qc8 31. Nd3 Nf7 32. e4 Qe8 33. c5 Ng6 34. cxd6 Rxd6
35. f4 Qd8 36. Nc5 Nf8 37. Rfd1 Rxd1+ 38. Rxd1 Qa8 39. e5 Re7 40. Qf2 a5 41.
Qd4 Qc8 42. Qc3 Qc7 43. Bh3 a4 44. bxa4 bxa4 45. Qd4 Qa7 46. Kh1 Kg8 47. e6 Nd8
48. f5 Nb7 49. Nxb7 Qxb7 50. Qxa4 c5+ 51. Bg2 Qc7 52. Qc6 Qe5 53. Qd5 Qe2 54.
Rc1 Qb2 55. Qxc5 Ra7 56. Rg1 1-0

[Event "C.to Mondiale U20 femminile"]
[Site "Istanbul TUR"]
[Date "2005.11.20"]
[Round "11"]
[White "Chierici, Marianna"]
[Black "Gregorova, Zuzana"]
[Result "0-1"]
[WhiteElo "1960"]
[BlackElo "2183"]
[PlyCount "112"]
[EventDate "2005.11.09"]

1. e4 d5 2. exd5 Nf6 3. d4 Nxd5 4. Nf3 g6 5. Bc4 Bg7 6. O-O O-O 7. c3 c6 8. Re1
Nd7 9. Qe2 e6 10. Bg5 Qc7 11. Qe4 b5 12. Bb3 h6 13. Bh4 Bb7 14. Bg3 Qb6 15. Bc2
c5 16. Qe2 a6 17. Ne5 Rad8 18. dxc5 Nxc5 19. Nd2 Nf6 20. h3 Ba8 21. Rad1 Bd5
22. c4 bxc4 23. Ndxc4 Qb7 24. f3 Nfd7 25. b3 Nxe5 26. Nxe5 Qb5 27. Nd3 Rc8 28.
Kh1 Nb7 29. Nf4 Qxe2 30. Rxe2 Bc6 31. Bb1 Rfd8 32. Rc1 Bb5 33. Rxc8 Rxc8 34.
Bd3 e5 35. Nxg6 Rc1+ 36. Re1 Rxe1+ 37. Bxe1 Bxd3 38. Ne7+ Kf8 39. Nc6 Bb5 40.
Nb4 a5 41. Nd5 Bc6 42. Ne3 Ke7 43. a4 Ke6 44. Kh2 Bf8 45. Nc2 f5 46. Kg3 Bd5
47. b4 axb4 48. Nxb4 Bb3 49. a5 Nxa5 50. Nd3 Nc4 51. Bf2 Bc2 52. Nc1 Be7 53.
Ne2 Ba4 54. Nc3 Bc6 55. Ne2 Bb4 56. Bg1 Kf6 0-1

[Event "C.to Mondiale U20 femminile"]
[Site "Istanbul TUR"]
[Date "2005.11.22"]
[Round "13"]
[White "Chierici, Marianna"]
[Black "Dudas, Eszter"]
[Result "1/2-1/2"]
[WhiteElo "1960"]
[BlackElo "2010"]
[PlyCount "196"]
[EventDate "2005.11.09"]

1. e4 e6 2. d3 d5 3. Nd2 c5 4. g3 Nc6 5. Bg2 d4 6. Ngf3 Bd6 7. O-O Nge7 8. Qe2
e5 9. h3 O-O 10. Nh2 Be6 11. f4 f6 12. f5 Bf7 13. Ndf3 b5 14. h4 c4 15. g4 Rc8
16. Ne1 Bb4 17. Nhf3 Bxe1 18. Nxe1 Qd6 19. Bh3 cxd3 20. cxd3 Rc7 21. g5 Kh8 22.
gxf6 gxf6 23. Bh6 Rg8+ 24. Kh2 Nb4 25. a3 Nbc6 26. Rg1 Rxg1 27. Kxg1 Ng8 28.
Bd2 Bb3 29. Rc1 Nd8 30. Bb4 Qd7 31. Rxc7 Qxc7 32. Bd2 Nb7 33. Qg4 Nc5 34. Bf1
Na4 35. Qh5 Qc6 36. Qg4 Nxb2 37. Be2 Qc7 38. Kf1 Qg7 39. Qxg7+ Kxg7 40. Bh5 Ne7
41. Be8 a6 42. Bc1 Na4 43. Ke2 Kf8 44. Bh5 Nc6 45. Nf3 a5 46. Nh2 Nc3+ 47. Ke1
b4 48. Ng4 Ke7 49. Bb2 Nb1 50. axb4 Nxb4 51. Nf2 Nc2+ 52. Kd1 Nb4+ 53. Kc1 Nc3
54. Ba3 Nb5 55. Kb2 Nxa3 56. Kxb3 Nb1 57. Ka4 Nc6 58. Ng4 Nc3+ 59. Kb3 a4+ 60.
Ka3 Na7 61. Nh6 Nab5+ 62. Kb2 a3+ 63. Ka1 Kf8 64. Ng4 Ke7 65. Nh6 Nd6 66. Ng8+
Kf8 67. Nxf6 Nb7 68. Nd7+ Ke7 69. Nxe5 Na5 70. Bd1 Nxd1 71. Ka2 Ne3 72. Kxa3
Nc2+ 73. Ka4 Nb7 74. Kb3 Ne1 75. Kc4 Kd6 76. Nf7+ Ke7 77. Ng5 h6 78. Ne6 Nf3
79. h5 Nd6+ 80. Kd5 Ne8 81. e5 Kf7 82. Nd8+ Ke7 83. Nc6+ Kf7 84. f6 Nc7+ 85.
Ke4 Ng5+ 86. Kxd4 Nce6+ 87. Ke3 Nc7 88. Nd8+ Ke8 89. Nb7 Nd5+ 90. Kd4 Nf4 91.
Nd6+ Kf8 92. Nf5 Nf7 93. Ng3 Ng5 94. Kc4 Kf7 95. Nf5 Ke6 96. Nxh6 Kxe5 97. f7
Nh7 98. d4+ Kf6 1/2-1/2

[Event "C.to Mondiale U20"]
[Site "Istanbul TUR"]
[Date "2005.11.09"]
[Round "1"]
[White "Lettieri, Giuseppe"]
[Black "Zhigalko, Sergei"]
[Result "0-1"]
[WhiteElo "2265"]
[BlackElo "2490"]
[PlyCount "72"]
[EventDate "2005.11.09"]

1. d4 Nf6 2. c4 e6 3. Nf3 b6 4. g3 Ba6 5. b3 Bb4+ 6. Bd2 Be7 7. Bg2 c6 8. Ne5
d5 9. Bc3 Nfd7 10. Nxd7 Nxd7 11. Nd2 O-O 12. e4 b5 13. O-O bxc4 14. bxc4 Nb6
15. Ba5 dxc4 16. Nf3 c5 17. d5 exd5 18. exd5 Bf6 19. Rb1 Rb8 20. d6 Re8 21. Re1
Rxe1+ 22. Bxe1 Bb7 23. Rb5 Bxf3 24. Bxf3 Bd4 25. Bd2 c3 26. Bc1 Rc8 27. Bb7
Qxd6 28. Qe2 Rd8 29. Ra5 Qd7 30. Be4 f5 31. Bc2 Re8 32. Qf1 Kh8 33. Ba3 Qc7 34.
Qb5 Re5 35. Bc1 Qb7 36. Be3 Rxe3 0-1

[Event "C.to Mondiale U20"]
[Site "Istanbul TUR"]
[Date "2005.11.12"]
[Round "4"]
[White "Heberla, Bartlomiej"]
[Black "Lettieri, Giuseppe"]
[Result "1-0"]
[WhiteElo "2465"]
[BlackElo "2265"]
[PlyCount "59"]
[EventDate "2005.11.09"]

1. e4 c5 2. Nf3 e6 3. d4 cxd4 4. Nxd4 a6 5. Be2 Qc7 6. O-O Nf6 7. Nc3 d6 8. f4
Be7 9. Kh1 Nc6 10. Be3 Bd7 11. Qe1 Nxd4 12. Bxd4 Bc6 13. Qg3 Rg8 14. Bd3 Nd7
15. a4 Qa5 16. Rfb1 e5 17. b4 Qd8 18. fxe5 dxe5 19. Bg1 b6 20. Bxa6 Bxb4 21.
Bc4 Qe7 22. Bd5 Bxc3 23. Bxc6 Bxa1 24. Bxa8 Bd4 25. Bxd4 exd4 26. Bc6 f6 27.
Qb8+ Qd8 28. Qd6 Qe7 29. Qd5 Rf8 30. Rxb6 1-0

[Event "C.to Mondiale U20"]
[Site "Istanbul TUR"]
[Date "2005.11.13"]
[Round "5"]
[White "Lettieri, Giuseppe"]
[Black "Livshits, Gaby"]
[Result "0-1"]
[WhiteElo "2265"]
[BlackElo "2381"]
[PlyCount "120"]
[EventDate "2005.11.09"]

1. e4 e5 2. Nf3 Nc6 3. d4 exd4 4. Nxd4 Qf6 5. Nb5 Bc5 6. Qd2 Bb6 7. N1c3 Nge7
8. Qf4 Qxf4 9. Bxf4 d6 10. Na3 a6 11. Nc4 Bc5 12. Be3 Bb4 13. Bd2 O-O 14. Nd5
Nxd5 15. exd5 Re8+ 16. Ne3 Bxd2+ 17. Kxd2 Ne5 18. f4 Nd7 19. Bd3 Nf6 20. c4 a5
21. Rhe1 Bd7 22. Nc2 Rab8 23. Nd4 g6 24. b3 Kf8 25. Rxe8+ Bxe8 26. a3 c6 27.
dxc6 bxc6 28. Rb1 c5 29. Nc2 Bc6 30. Ne3 h5 31. g3 Ke7 32. Kc3 Ra8 33. Nc2 Ng4
34. h4 Nf2 35. b4 axb4+ 36. axb4 Be4 37. Bxe4 Nxe4+ 38. Kd3 Nxg3 39. b5 Kd7 40.
Rb3 Nf5 41. Na3 Nd4 42. Rc3 Re8 43. Nb1 Ne2 44. Ra3 Nxf4+ 45. Kd2 Re2+ 46. Kd1
Rb2 47. Kc1 Rb4 48. Ra7+ Ke6 49. Na3 d5 50. Ra6+ Ke5 51. Rc6 dxc4 52. b6 Kd5
53. Rf6 Ne6 54. Rxf7 Rxb6 55. Rf6 Rb3 56. Nc2 Nd4 57. Nxd4 cxd4 58. Rxg6 Rh3
59. Rg5+ Ke4 60. Rxh5 Kd3 0-1

[Event "C.to Mondiale U20"]
[Site "Istanbul TUR"]
[Date "2005.11.14"]
[Round "6"]
[White "Lettieri, Giuseppe"]
[Black "El Debs De Cresce, Felipe"]
[Result "0-1"]
[WhiteElo "2265"]
[BlackElo "2341"]
[PlyCount "74"]
[EventDate "2005.11.09"]

1. e4 e5 2. Nf3 Nf6 3. d4 Nxe4 4. Bd3 d5 5. Nxe5 Be7 6. O-O Nc6 7. Nxc6 bxc6 8.
c4 O-O 9. Nc3 Nxc3 10. bxc3 dxc4 11. Be4 Bd6 12. g3 Qf6 13. Bxc6 Rb8 14. Qa4
Rb6 15. Bg2 h5 16. Be3 h4 17. d5 h3 18. Bh1 Rb2 19. Qxc4 Re8 20. Rae1 Bd7 21.
Bd4 Qg6 22. Rxe8+ Bxe8 23. Qa6 Qg4 24. Qd3 Rxa2 25. Bf3 Qg5 26. Qb1 Ra3 27. Qb8
Qe7 28. Qc8 Qd7 29. Qa8 Kf8 30. Re1 Qa4 31. Qd8 Ra1 32. Kf1 Qc4+ 33. Be2 Qxd5
34. Bd1 Qh1+ 35. Ke2 Ra2+ 36. Bc2 Rxc2+ 37. Kd1 Rc1+ 0-1

[Event "C.to Mondiale U20"]
[Site "Istanbul TUR"]
[Date "2005.11.17"]
[Round "8"]
[White "Bekkat, Azzedine"]
[Black "Lettieri, Giuseppe"]
[Result "0-1"]
[WhiteElo "2202"]
[BlackElo "2265"]
[PlyCount "108"]
[EventDate "2005.11.09"]

1. d4 Nf6 2. c4 e6 3. Nc3 Bb4 4. e3 O-O 5. Nf3 c5 6. Bd3 b6 7. O-O Bb7 8. a3
Bxc3 9. bxc3 d6 10. Qe2 Nc6 11. Rd1 h6 12. Rb1 Qc7 13. e4 e5 14. d5 Ne7 15. Nh4
Bc8 16. h3 g5 17. Nf5 Nxf5 18. exf5 e4 19. Bc2 Bxf5 20. h4 Rfe8 21. hxg5 hxg5
22. Bxg5 Ng4 23. Re1 f6 24. Bf4 Qh7 25. Rbc1 Kf7 26. f3 exf3 27. Qxf3 Rxe1+ 28.
Rxe1 Rh8 29. Qxg4 Qh1+ 30. Kf2 Qxe1+ 31. Kxe1 Bxg4 32. Bxd6 Re8+ 33. Kd2 b5 34.
Bd3 bxc4 35. Bxc4 Rd8 36. Bc7 Rh8 37. d6+ Ke8 38. Kd3 Rh1 39. Kc2 Bf5+ 40. Kd2
Rb1 41. Bd5 Bd7 42. Kc2 Bf5+ 43. Kd2 Rb2+ 44. Ke3 Rc2 45. c4 Bd7 46. Kf4 Ra2
47. g4 Ra1 48. Be4 Rf1+ 49. Bf3 Bc6 50. Kf5 Rxf3+ 51. Ke6 Rf4 52. a4 Rxc4 53.
Kxf6 Rxg4 54. a5 Kd7 0-1

[Event "C.to Mondiale U20"]
[Site "Istanbul TUR"]
[Date "2005.11.18"]
[Round "9"]
[White "Lettieri, Giuseppe"]
[Black "Krivokapic, Marko"]
[Result "1/2-1/2"]
[WhiteElo "2265"]
[BlackElo "2361"]
[PlyCount "27"]
[EventDate "2005.11.09"]

1. e4 c5 2. Nf3 d6 3. Bb5+ Nd7 4. d4 Ngf6 5. Nc3 cxd4 6. Qxd4 e6 7. Bg5 Be7 8.
O-O-O h6 9. Bh4 a6 10. Bxd7+ Bxd7 11. e5 dxe5 12. Nxe5 Bc6 13. Nxc6 bxc6 14.
Qa4 1/2-1/2

[Event "C.to Mondiale U20"]
[Site "Istanbul TUR"]
[Date "2005.11.20"]
[Round "11"]
[White "Babujian, Levon"]
[Black "Lettieri, Giuseppe"]
[Result "1-0"]
[WhiteElo "2429"]
[BlackElo "2265"]
[PlyCount "75"]
[EventDate "2005.11.09"]

1. e4 c5 2. Nf3 e6 3. d4 cxd4 4. Nxd4 Nc6 5. Nb3 Nf6 6. Bd3 Bb4+ 7. Bd2 Be7 8.
O-O Ne5 9. Nc3 O-O 10. Be2 d5 11. exd5 exd5 12. Bf4 Nc4 13. Rb1 Be6 14. Nd4 Rc8
15. Re1 Bb4 16. Bxc4 Rxc4 17. Be5 Bc8 18. Qd3 Ng4 19. Bg3 Qb6 20. Rbd1 Nf6 21.
Be5 Bxc3 22. bxc3 Nd7 23. Qg3 Qg6 24. Bd6 Rd8 25. Be7 Re8 26. Qf3 Nb6 27. Bc5
Re4 28. Bxb6 Bg4 29. Rxe4 dxe4 30. Nf5 f6 31. Rd8+ Kf7 32. Nd6+ Ke7 33. Qe3
axb6 34. Re8+ Kd7 35. Qxb6 Bf3 36. Rd8+ Ke7 37. Nc8+ Kf7 38. Qxb7+ 1-0

[Event "C.to Mondiale U20"]
[Site "Istanbul TUR"]
[Date "2005.11.21"]
[Round "12"]
[White "Aleskerov, Faik"]
[Black "Lettieri, Giuseppe"]
[Result "1-0"]
[WhiteElo "2321"]
[BlackElo "2265"]
[PlyCount "99"]
[EventDate "2005.11.09"]

1. e4 c5 2. Ne2 e6 3. c4 Nc6 4. Nbc3 Nf6 5. f4 d6 6. d3 a6 7. g3 Rb8 8. Bg2 Bd7
9. a4 Be7 10. O-O e5 11. f5 h6 12. h3 Nd4 13. g4 Bc6 14. b3 b5 15. axb5 axb5
16. Nxd4 cxd4 17. Nd5 Bxd5 18. exd5 Nd7 19. Bd2 bxc4 20. dxc4 Qb6 21. b4 Bg5
22. Be1 Be3+ 23. Kh1 h5 24. gxh5 Nf6 25. Qa4+ Kf8 26. Qc6 d3 27. c5 dxc5 28.
Qxb6 Rxb6 29. Ra8+ Ne8 30. bxc5 Bxc5 31. Ba5 Rbh6 32. Rc1 Bd6 33. Rcc8 Ke7 34.
Ra7+ Kf6 35. Be4 Be7 36. Ra6+ Nd6 37. Rxh8 Rxh8 38. Bxd3 Rxh5 39. Kg2 e4 40.
Bxe4 Ke5 41. Bf3 Rg5+ 42. Bg4 Nxf5 43. Bd2 Rg6 44. Ra5 Nd6 45. Kf3 Kd4 46. Be3+
Kd3 47. Ra3+ Kc4 48. Ra7 Bg5 49. Ra4+ Kb5 50. Bd7# 1-0

[Event "X Weekend A"]
[Site "Gorgonzola ITA"]
[Date "2005.11.12"]
[Round "1"]
[White "Astengo, Corrado"]
[Black "Salvador, Roland"]
[Result "0-1"]
[WhiteElo "2105"]
[BlackElo "2397"]
[PlyCount "58"]
[EventDate "2005.11.12"]

1. e4 c5 2. Nf3 Nc6 3. d4 cxd4 4. Nxd4 Nf6 5. Nc3 e5 6. Ndb5 d6 7. Bg5 a6 8.
Na3 b5 9. Bxf6 gxf6 10. Nd5 f5 11. c3 Bg7 12. exf5 Bxf5 13. Nc2 O-O 14. a4 Ne7
15. Nce3 Be6 16. Be2 f5 17. O-O bxa4 18. Rxa4 Ng6 19. Rxa6 Rxa6 20. Bxa6 f4 21.
Nc2 e4 22. Ncb4 Qg5 23. Kh1 Be5 24. f3 Nh4 25. Qe2 Kh8 26. Nc7 Bd7 27. Bc4 Rf6
28. Bd5 Rh6 29. fxe4 Qg3 0-1

[Event "X Weekend A"]
[Site "Gorgonzola ITA"]
[Date "2005.11.12"]
[Round "1"]
[White "Bonazzi, Edoardo"]
[Black "Bonade', Massimo"]
[Result "1-0"]
[WhiteElo "2161"]
[BlackElo "2070"]
[PlyCount "49"]
[EventDate "2005.11.12"]

1. Nf3 Nf6 2. c4 e6 3. g3 b6 4. Bg2 Bb7 5. Nc3 Be7 6. O-O O-O 7. Re1 d5 8. cxd5
exd5 9. d4 Nbd7 10. Bf4 c6 11. Qc2 Re8 12. Rad1 Rc8 13. Bh3 c5 14. Qb1 a6 15.
Be5 Ra8 16. e4 Nxe4 17. Nxe4 dxe4 18. dxc5 Nxe5 19. Nxe5 Qc7 20. c6 Bxc6 21.
Nxc6 Qxc6 22. Bd7 Qf6 23. Bxe8 Bc5 24. Qxe4 Bxf2+ 25. Kg2 1-0

[Event "X Weekend A"]
[Site "Gorgonzola ITA"]
[Date "2005.11.12"]
[Round "1"]
[White "Bressanelli, Roberto"]
[Black "Barlocco, Carlo"]
[Result "1/2-1/2"]
[WhiteElo "2102"]
[BlackElo "2224"]
[PlyCount "103"]
[EventDate "2005.11.12"]

1. e4 d5 2. exd5 Qxd5 3. Nc3 Qd8 4. Nf3 g6 5. Bc4 Bg7 6. O-O Nh6 7. d3 O-O 8.
Bg5 Nf5 9. Re1 Nc6 10. Qd2 Re8 11. a3 h6 12. Be3 Nxe3 13. fxe3 e5 14. e4 Be6
15. Bxe6 Rxe6 16. Rf1 Nd4 17. Qf2 Nxf3+ 18. Qxf3 Rf6 19. Qe3 Rxf1+ 20. Rxf1 c6
21. Ne2 Qb6 22. Qxb6 axb6 23. Nc1 Kf8 24. Nb3 Ke7 25. Kf2 Ke6 26. g4 Rh8 27. a4
h5 28. g5 Bf8 29. a5 bxa5 30. Nxa5 Bb4 31. Nb3 h4 32. Ke2 Be7 33. Rg1 Rh5 34.
Na5 Rxg5 35. Rxg5 Bxg5 36. Nxb7 h3 37. Kf3 Bf4 38. Kg4 Bxh2 39. Kxh3 Bf4 40.
Kg4 f5+ 41. exf5+ gxf5+ 42. Kf3 Bc1 43. Na5 Kd5 44. b3 e4+ 45. dxe4+ fxe4+ 46.
Ke2 Bf4 47. Nc4 Kd4 48. Na5 c5 49. Nb7 Bc7 50. c3+ Kd5 51. c4+ Kd4 52. Nxc5
1/2-1/2

[Event "X Weekend A"]
[Site "Gorgonzola ITA"]
[Date "2005.11.12"]
[Round "1"]
[White "Cervini, Gian Piero"]
[Black "Tencati, Giuseppe"]
[Result "0-1"]
[WhiteElo "2028"]
[BlackElo "2132"]
[PlyCount "58"]
[EventDate "2005.11.12"]

1. e4 e6 2. d4 d5 3. Nc3 Nf6 4. e5 Nfd7 5. f4 c5 6. Nf3 Nc6 7. Be3 Qb6 8. Bb5
a6 9. Bxc6 bxc6 10. Na4 Qa5+ 11. c3 cxd4 12. Nxd4 c5 13. Nf3 Bb7 14. O-O Bc6
15. b3 Bxa4 16. bxa4 Qxc3 17. Bd2 Qd3 18. Rb1 c4 19. Ne1 Qe4 20. Nc2 Bc5+ 21.
Kh1 O-O 22. Re1 Qg6 23. Be3 Rfb8 24. Rxb8+ Rxb8 25. Bxc5 Nxc5 26. Nd4 Rb2 27.
g4 Nd3 28. Qa1 Qxg4 29. Rf1 Qg2# 0-1

[Event "X Weekend A"]
[Site "Gorgonzola ITA"]
[Date "2005.11.12"]
[Round "1"]
[White "Facchetti, Gianni"]
[Black "Brigati, Alessandro"]
[Result "0-1"]
[WhiteElo "2123"]
[BlackElo "2006"]
[PlyCount "130"]
[EventDate "2005.11.12"]

1. e4 d6 2. d4 Nf6 3. Nc3 g6 4. Bg5 Bg7 5. e5 Nfd7 6. exd6 cxd6 7. Nf3 Nc6 8.
Qd2 O-O 9. Be2 Nf6 10. Bh6 Bg4 11. Bxg7 Kxg7 12. O-O-O Qa5 13. Kb1 Nb4 14. a3
Nbd5 15. Nxd5 Qxd2 16. Rxd2 Nxd5 17. h3 Bd7 18. Re1 Rfe8 19. Bf1 Rac8 20. g3 h6
21. Ng1 Bc6 22. f4 Rc7 23. Bd3 Nf6 24. Rde2 Kf8 25. b3 a5 26. c4 b6 27. d5 Bd7
28. a4 Bc8 29. Kb2 Nd7 30. Re3 Nc5 31. g4 Kg7 32. Nf3 Bb7 33. Nd4 Kf6 34. h4
Rh8 35. Nb5 Rd7 36. Bc2 Re8 37. g5+ hxg5 38. hxg5+ Kg7 39. f5 gxf5 40. Bxf5 e6
41. Ka3 Bc8 42. dxe6 fxe6 43. Bg4 Rdd8 44. Nc7 Re7 45. Nd5 Rb7 46. Nf4 e5 47.
Bxc8 Rxc8 48. Nd5 Rf8 49. Rh1 Rh8 50. Rxh8 Kxh8 51. Rh3+ Kg7 52. Rh6 Ne4 53.
Kb2 Rb8 54. Re6 Rd8 55. Re7+ Kg6 56. Rb7 Kxg5 57. Rxb6 Nc5 58. Nc7 Rd7 59. Nb5
d5 60. cxd5 Rxd5 61. Nc3 Rd2+ 62. Kc1 Rh2 63. Rb5 Nd3+ 64. Kd1 Kf4 65. Ne2+ Ke3
0-1

[Event "X Weekend A"]
[Site "Gorgonzola ITA"]
[Date "2005.11.12"]
[Round "1"]
[White "Giretti Kanev, Jasen"]
[Black "Astengo, Marcello"]
[Result "1/2-1/2"]
[WhiteElo "2203"]
[BlackElo "2077"]
[PlyCount "160"]
[EventDate "2005.11.12"]

1. Nf3 d5 2. g3 c5 3. Bg2 Nc6 4. O-O Bg4 5. c4 d4 6. d3 e5 7. h3 Bf5 8. Nbd2
Nf6 9. Kh2 h6 10. Qa4 Qd7 11. a3 Bd6 12. Ne4 Nxe4 13. dxe4 Be6 14. Bd2 O-O 15.
b4 Rfc8 16. Rac1 f6 17. Nh4 a6 18. g4 Qf7 19. Nf5 Bf8 20. bxc5 Bxc5 21. Bxh6
Kh7 22. Bd2 b5 23. Qc2 bxc4 24. Qa4 Bf8 25. Rb1 c3 26. Bc1 Qc7 27. f4 Qa5 28.
Qxa5 Nxa5 29. fxe5 fxe5 30. Rb6 Bc4 31. Nd6 Bxd6 32. Rxd6 Rab8 33. Rf5 Rc6 34.
Rd7 Be6 35. Rh5+ Kg8 36. Re7 Nc4 37. Rg5 Bf7 38. Rf5 Rf6 39. g5 Rxf5 40. exf5
Kf8 41. Rc7 Nb6 42. g6 Bd5 43. f6 Bxg2 44. fxg7+ Kg8 45. Kxg2 Rc8 46. Rf7 Nd5
47. h4 Rc7 48. Rxc7 Nxc7 49. Kf3 Kxg7 50. Ke4 Kxg6 51. Kxe5 Kh5 52. Kxd4 Nb5+
53. Kc4 Kxh4 54. a4 Nc7 55. Kxc3 Kg4 56. Kc4 Kf5 57. Kc5 Ke4 58. Bd2 Ne6+ 59.
Kc4 Nd4 60. e3 Ne6 61. Bc1 Ke5 62. Bb2+ Kd6 63. Bd4 Kc6 64. e4 Ng5 65. e5 Ne6
66. Be3 Nf8 67. Bc5 Ne6 68. Be7 Nf4 69. Bd8 Ne6 70. Ba5 Nc5 71. Bb4 Nxa4 72. e6
Nb6+ 73. Kd4 Nd5 74. Ba3 Nc7 75. e7 Kd7 76. Ke5 Nb5 77. Kf6 Ke8 78. Bb4 Na7 79.
Ke6 Nc6 80. Ba3 Nxe7 1/2-1/2

[Event "X Weekend A"]
[Site "Gorgonzola ITA"]
[Date "2005.11.12"]
[Round "1"]
[White "Magrini, Fabrizio"]
[Black "Bertazzo, Giorgio"]
[Result "1/2-1/2"]
[WhiteElo "2067"]
[BlackElo "2137"]
[PlyCount "53"]
[EventDate "2005.11.12"]

1. e4 c5 2. Nf3 d6 3. d4 cxd4 4. Nxd4 Nf6 5. Nc3 a6 6. Bg5 e6 7. f4 Qb6 8. Qd2
Qxb2 9. Rb1 Qa3 10. f5 Nc6 11. fxe6 fxe6 12. Nxc6 bxc6 13. e5 dxe5 14. Bxf6
gxf6 15. Ne4 Be7 16. Be2 h5 17. Rb3 Qa4 18. Nxf6+ Bxf6 19. O-O Qd4+ 20. Qxd4
exd4 21. Rxf6 Ke7 22. Rg6 a5 23. Rb6 Kd6 24. Rg5 h4 25. Rxc6+ Kxc6 26. Bf3+ Kd6
27. Bxa8 1/2-1/2

[Event "X Weekend A"]
[Site "Gorgonzola ITA"]
[Date "2005.11.12"]
[Round "1"]
[White "Manzoni, Alessandro"]
[Black "Magrini, Riccardo"]
[Result "1/2-1/2"]
[WhiteElo "2074"]
[BlackElo "2194"]
[PlyCount "82"]
[EventDate "2005.11.12"]

1. e4 c5 2. Nc3 Nc6 3. g3 Nf6 4. Bg2 d6 5. Nge2 Bd7 6. d3 g6 7. h3 Bg7 8. Be3
b5 9. Qd2 h6 10. O-O Rb8 11. f4 b4 12. Nd1 Qc7 13. g4 a5 14. Ng3 a4 15. Rb1 h5
16. g5 Nh7 17. h4 Be6 18. b3 axb3 19. axb3 Nd4 20. f5 Bd7 21. Bf4 Nb5 22. Ne3
Bd4 23. Kh1 Nc3 24. fxg6 fxg6 25. Nd5 Nxd5 26. exd5 O-O 27. Be4 Kg7 28. Ne2 Be5
29. Bxe5+ dxe5 30. Qe3 Bg4 31. Rbe1 Rxf1+ 32. Rxf1 Rf8 33. Rxf8 Nxf8 34. Bg2
Qd6 35. Ng3 Nd7 36. Ne2 Nb6 37. c4 Nd7 38. Bf3 Bf5 39. Ng3 e6 40. Be4 Qa6 41.
Qf2 Qa1+ 1/2-1/2